| 000 | 00649nam a2200277Ia 4500 | ||
|---|---|---|---|
| 005 | 20250425161823.0 | ||
| 008 | 250425s9999 xx 000 0 und d | ||
| 020 | _a9684443374 | ||
| 041 | _aspa | ||
| 043 | _amx | ||
| 082 | _a338.5 | ||
| 100 | _aPARKIN, MICHAEL | ||
| 245 | 0 | _aMICROECONOMIA | |
| 250 | _a1A ED. | ||
| 260 | _aMEXICO | ||
| 260 |
_aMéxico _bADDISON WESLEY LOGMAN _c1998 |
||
| 300 | _a119 | ||
| 500 | _aEDICION ESPECIAL EN ESPAÑOL ACTUALIZADA | ||
| 650 | _aECONOMIA | ||
| 650 | _aELASTICIDAD | ||
| 650 | _aMICROECONOMIA | ||
| 650 | _aOFERTA Y DEMANDA | ||
| 650 | _aPRODUCCION | ||
| 942 | _c01 | ||
| 010 | _a31041 | ||
| 999 |
_c216789 _d216789 |
||